000 00898nam a2200277 a 4500
001 5990
003 UkOxU
005 20211208234151.0
008 160804s1969 enk 000 0 eng d
035 _a(BD-RjUL)6029
040 _aMAL
_dm.c
_dEQO
_beng
_cBD-RjUL
041 _aeng
082 0 0 _a342.73
_bBEA 1969
_223
100 1 _aBeloff, Max,
_d1913-1999.
_918834
245 1 4 _aThe American Federal Government /
_cby Max Beloff
250 _a2nd ed.
260 _aLondon :
_bOxford University Press,
_c1969.
300 _a169 p. ;
_c21 cm.
490 1 _aOxford paperbacks university series ;
_v48
504 _aIncludes bibliographical references (p. [164]-166) and index.
651 0 _aUnited States
_xPolitics and government.
_918835
651 0 _aUnited States
_xForeign relations.
_918836
830 0 _v48
_9147797
830 0 _aOxford paperbacks university series ;
_9144879
942 _2ddc
_cBK
999 _c5990
_d5990